Welcome to Marium Abdulla Library

Embrace knowledge with a breath of fresh air.

Browse Collection

Marium Abdulla Library

Film studies : the basic (Record no. 10483)

MARC details
000 -LEADER
fixed length control field 00406nam a2200181Ia 4500
001 - CONTROL NUMBER
control field 14627
005 - DATE AND TIME OF LATEST TRANSACTION
control field 20250626030541.0
008 - FIXED-LENGTH DATA ELEMENTS--GENERAL INFORMATION
fixed length control field 211022s9999 xx 000 0 und d
020 ## - INTERNATIONAL STANDARD BOOK NUMBER
International Standard Book Number 9780415584951
082 ## - DEWEY DECIMAL CLASSIFICATION NUMBER
Classification number 791.43 VIL
100 ## - MAIN ENTRY--PERSONAL NAME
Personal name Villarejo, Amy.
245 #0 - TITLE STATEMENT
Title Film studies : the basic
260 ## - PUBLICATION, DISTRIBUTION, ETC.
Place of publication, distribution, etc. London
260 ## - PUBLICATION, DISTRIBUTION, ETC.
Name of publisher, distributor, etc. Routledge
260 ## - PUBLICATION, DISTRIBUTION, ETC.
Date of publication, distribution, etc. 2013
300 ## - PHYSICAL DESCRIPTION
Extent ix, 184 pages :
942 ## - ADDED ENTRY ELEMENTS (KOHA)
Koha item type Book
Holdings
Date last seen Total checkouts Full call number Barcode Price effective from Koha item type Lost status Damaged status Not for loan Collection Withdrawn status Home library Current library Shelving location Date acquired Source of acquisition Cost, normal purchase price
10/26/2021   791.43 VIL 14627 10/26/2021 Book       Communication Design   Marium Abdulla Library Marium Abdulla Library Non-Ref 11/15/2019 Book Station 2500.00